Review: Joel and Obadiah. A Commentary
Joel and Obadiah. A Commentary John Barton xxi + 168 Louisville, KY/London/Leiden (The Old Testament Library.) Westminster John Knox Press 2001 £25 0 664 21966 7
| Main Author: | |
|---|---|
| Format: | Electronic Review |
| Language: | English |
| Check availability: | HBZ Gateway |
| Interlibrary Loan: | Interlibrary Loan for the Fachinformationsdienste (Specialized Information Services in Germany) |
| Published: |
2003
|
| In: |
The journal of theological studies
Year: 2003, Volume: 54, Issue: 1, Pages: 186-188 |
| Further subjects: | B
Book review
|
| Online Access: |
Volltext (JSTOR) Volltext (lizenzpflichtig) Volltext (lizenzpflichtig) |
MARC
| LEADER | 00000naa a22000002c 4500 | ||
|---|---|---|---|
| 001 | 1783710314 | ||
| 003 | DE-627 | ||
| 005 | 20211229223141.0 | ||
| 007 | cr uuu---uuuuu | ||
| 008 | 211229s2003 xx |||||oo 00| ||eng c | ||
| 024 | 7 | |a 10.1093/jts/54.1.186 |2 doi | |
| 035 | |a (DE-627)1783710314 | ||
| 035 | |a (DE-599)KXP1783710314 | ||
| 040 | |a DE-627 |b ger |c DE-627 |e rda | ||
| 041 | |a eng | ||
| 084 | |a 1 |2 ssgn | ||
| 100 | 1 | |a Mason, Rex |e VerfasserIn |4 aut | |
| 245 | 1 | 0 | |a Review: Joel and Obadiah. A Commentary |
| 264 | 1 | |c 2003 | |
| 336 | |a Text |b txt |2 rdacontent | ||
| 337 | |a Computermedien |b c |2 rdamedia | ||
| 338 | |a Online-Ressource |b cr |2 rdacarrier | ||
| 520 | |a Joel and Obadiah. A Commentary John Barton xxi + 168 Louisville, KY/London/Leiden (The Old Testament Library.) Westminster John Knox Press 2001 £25 0 664 21966 7 | ||
| 655 | 7 | |a Rezension |0 (DE-588)4049712-4 |0 (DE-627)106186019 |0 (DE-576)209083166 |2 gnd-content | |
| 773 | 0 | 8 | |i Enthalten in |t The journal of theological studies |d Oxford : Oxford University Press, 1899 |g 54(2003), 1, Seite 186-188 |h Online-Ressource |w (DE-627)341339555 |w (DE-600)2066662-7 |w (DE-576)098474553 |x 1477-4607 |7 nnas |
| 773 | 1 | 8 | |g volume:54 |g year:2003 |g number:1 |g pages:186-188 |
| 856 | |3 Volltext |u http://www.jstor.org/stable/23968983 |x JSTOR | ||
| 856 | 4 | 0 | |u https://doi.org/10.1093/jts/54.1.186 |x Resolving-System |z lizenzpflichtig |3 Volltext |7 1 |
| 856 | 4 | 0 | |u https://academic.oup.com/jts/article/54/1/186/1668594 |x Verlag |z lizenzpflichtig |3 Volltext |7 1 |
| 935 | |a mteo | ||
| 951 | |a AR | ||
| ELC | |a 1 | ||
| ITA | |a 1 |t 1 | ||
| LOK | |0 000 xxxxxcx a22 zn 4500 | ||
| LOK | |0 001 4027398793 | ||
| LOK | |0 003 DE-627 | ||
| LOK | |0 004 1783710314 | ||
| LOK | |0 005 20211229043356 | ||
| LOK | |0 008 211229||||||||||||||||ger||||||| | ||
| LOK | |0 035 |a (DE-Tue135)IxTheo#2021-12-23#6EDE49E5E3C1EA066DD73F694DA73D80B45EA8B6 | ||
| LOK | |0 040 |a DE-Tue135 |c DE-627 |d DE-Tue135 | ||
| LOK | |0 092 |o n | ||
| LOK | |0 852 |a DE-Tue135 | ||
| LOK | |0 852 1 |9 00 | ||
| LOK | |0 866 |x JSTOR#http://www.jstor.org/stable/23968983 | ||
| LOK | |0 935 |a ixzs |a ixrk |a zota | ||
| LOK | |0 939 |a 29-12-21 |b l01 | ||
| ORI | |a SA-MARC-ixtheoa001.raw | ||